| 000 | 00418nam a2200169Ia 4500 | ||
|---|---|---|---|
| 008 | 221030s9999 xx 000 0 und d | ||
| 020 | _a0074624563 | ||
| 041 | _aEnglish | ||
| 082 |
_a105.23 _bTau |
||
| 100 | _aH. Taub | ||
| 245 | 0 |
_aPrinciples of Communication Systems _cby H. Taub, D. L. Schilling |
|
| 260 |
_bTMH _aNew Delhi _c1999 |
||
| 300 | _a759 | ||
| 650 | _aECE | ||
| 700 | _aD. L. Schilling | ||
| 942 | _cBK | ||
| 999 |
_c2359 _d2359 |
||